000 00491cam a22001457a 4500
008 180718b2010 xxu||||| |||| 00| 0 eng d
082 _aAPPPA 2009-10/CHO
100 _aChowdhery, Kamal
245 _aWelfare measures towards disable people
_cby Kamal Chowdhery
260 _aNew Delhi
_bIndian Institute of Public Administration
_c2010
300 _a155+p.
500 _aAn APPPA M.Phil dissertation, 2009-10 (Guide: Prof. R. K. Barik)
650 _aDisabled
650 _aHandicapped -India
999 _c501961
_d501961